000 00485nam a22001577a 4500
082 _a940.4
_bHIS
100 _aBecke, A.F.
_949667
245 _aHistory the great war, Military operations Macedonia
260 _aLondon:
_bMajesty's Stationary office,
_c1933
300 _ax, 408 p;,
_bMaps:
_c19cm
526 _a0
_b0
_c0
_d940_400000000000000_HIS
526 _a0
_b0
_c0
_d940_400000000000000_HIS
526 _a0
_b0
_c0
_d940_400000000000000_HIS
650 _aMCE
_9379
942 _2ddc
_cBK
999 _c552456
_d552456